LEADER 01236nam a2200313 a 4500 001 000000146231 003 CaOOAMICUS 005 20151005110500.0 008 151005s2011 it u000 u ita r 020 $a978-88-350-2810-9 040 $aPUL$bita 082 04$a195 100 1 $aPareyson, Luigi,$d1918-1991.$0(OLS)http://pul/name/5784 245 10$aPersona e libertą /$cLuigi Pareyson ; a cura di Giuseppe Riconda. 260 $aBrescia :$bLa Scuola,$c©2011. 300 $a167 p. ;$c20 cm 490 1 $aMaestri ;$v16 504 $aBibliografia in nota. 600 14$aPareyson, Luigi,$d1918-1991$xFilosofia.$0(OLS)http://pul/subject/35227 700 1 $aRiconda, Giuseppe.$0(OLS)http://pul/name/11993 830 0$aMaestri (La Scuola) ;$v16.$0(OLS)http://pul/title/160187 850 $aPUL 852 $aPUL$W1$xSL Filosofia 3$y81$m195 PARLU 1$j169113$qDDC 21$B169896$CPULBib$Z2$F169896 $H126274 $82 941 1 $a9 996 $6020$a978-88-350-2810-9$9(OLS)http://pul/number/158814 996 $6082$a195$9(OLS)http://pul/classification/342 996 $6245$aPersona e libertą$9(OLS)http://pul/title/184872 996 $6260$aBrescia :$bLa Scuola$9(OLS)http://pul/publisher/48404 LEADER 01662nam a2200361 a 4500 001 000000157157 003 CaOOAMICUS 005 20161205174131.0 008 161205s2016 it u000 u ita r 020 $a978-88-93140-25-6*(2 v.) 032 $aLibriCat 040 $aPUL$bita 082 14$a170 100 1 $aCampodonico, Angelo,$d1949-$0(OLS)http://pul/name/12692 245 12$aL'esperienza integrale : $bfilosofia dell'uomo, della morale e della religione / $cAngelo Campodonico . 260 $aNapoli :$bOrthotes,$c©2016. 300 $a2 v. ;$c21 cm. 490 1 $aEthica ;$v30 504 $aBibliografia in nota a pič pagina. 650 4$aEtica teologica.$0(OLS)http://pul/subject/38268 650 4$aEtica e filosofia.$0(OLS)http://pul/subject/23761 650 04$aEtica$xStudi.$0(OLS)http://pul/subject/19351 710 2 $aIstituto patristico Augustinianum.$kTesi.$0(OLS)http://pul/name/82132 830 0$aEthica ;$v30.$0(OLS)http://pul/title/60 850 $aPUL 852 $aPUL$W1$xSL Filosofia 3$y81$m170 CAMAN 2.1$j180441$bt. 1$qDDC 21$B183565$CPULBib$Z2$F183565 $H128507 $81 852 $aPUL$W1$xSL Filosofia 3$y81$m170 CAMAN 2.2$j180442$bt. 2$qDDC 21$B183566$CPULBib$Z2$F183566 $H128513 $81 941 1 $a9 996 $6020$a978-88-93140-25-6*(2 v.)$9(OLS)http://pul/number/161640 996 $6082$a170$9(OLS)http://pul/classification/380 996 $6245$aL'esperienza integrale : $bfilosofia dell'uomo, della morale e della religione / $9(OLS)http://pul/title/196761 996 $6260$aNapoli :$bOrthotes$9(OLS)http://pul/publisher/82284